Statistics for The 495 Most Important People in History

Click here to take the quiz!

General Stats

  • This quiz has been taken 60 times
  • The average score is 252 of 495

Answer Stats

HintName% Correct
German dictator responsible for the HolocaustAdolf Hitler
100%
Medieval Islamic philosopher known for "The Book of Letters" and "The Book of Religion"Al-Farabi
100%
Islamic theologian and author known for his work "The Revival of Religious Sciences"Al-Ghazali
100%
American actor known for "Scarface," "The Godfather," and winning the Oscar for Best ActorAl Pacino
100%
French painter and important figure in the transition from Realism to Impressionism known for his work "Luncheon on the Grass" and "A Bar at the Folies-Bergère"Édouard Manet
100%
Greek Renaissance and early Baroque painter born in Crete known for "The View of Toledo"El Greco
100%
Grandson of Muhammad martyred in the Battle of Karbala in 680 ADHusayn ibn Ali
100%
Founder and Supreme Leader of North Korea known for his policy of JucheKim Il-sung
100%
North Korean leader from 1994-2011 known for his pursuit of nuclear weaponsKim Jong-il
100%
Swiss-French architest and urban planner known for his works like the Villa Savoye and the Unité d'HabitationLe Corbusier
100%
Russian novelist known for works like "War and Peace" and "Anna Karenina"Leo Tolstoy
100%
Boxer known for his iconic fights like the "Rumble in the Jungle" and "Thrilla in Manila"Muhammad Ali
100%
Cambodian leader of the Khmer Rouge regime from 1975-1979Pol Pot
100%
Chinese explorer during the Min Dynasty known for his Treasure Voyages from 1405-1433Zheng He
100%
Italian explorer falsely recognized as the discoverer of the America'sChristopher Columbus
98%
Founder of ChristianityJesus
98%
Roman general assassinated on the Ides of MarchJulius Caesar
98%
Founder of IslamMuhammad
98%
French military leader turned Emperor who met defeat at WaterlooNapoleon Bonaparte
98%
German-born physicist who formulaed the theory of relativityAlbert Einstein
96%
Painter of the "Mona Lisa"Leonardo da Vinci
96%
Deaf composer known for symphonies such as the Fifth and NinthLudwig van Beethoven
96%
French Renaissance philosopher known for his collection "Essays"Michel de Montaigne
96%
French philosopher known for works "Discipline and Punish" and "The History of Sexuality"Michel Foucault
96%
Writer of the "Emancipation Proclamation"Abraham Lincoln
94%
English naturalist who formulated the theory of evolution by natural selectionCharles Darwin
94%
Argentine Marxist revolutionary who played a key role in the Cuban RevolutionChe Guevara
94%
Formulated laws of motion and universal gravitationIsaac Newton
94%
Soviet leader who ruled with an iron fist and was one of the Allied leaders in WWIIJoseph Stalin
94%
Russian revolutionary and Marxist theorist known for his leadership of the Red Army during the Russian Civil WarLeon Trotsky
94%
Scottish-born engineer best known for inventing the telephoneAlexander Graham Bell
92%
French writer known for his historical novels including "The Three Musketeers" and "The Count of Monte Cristo"Alexandre Dumas
92%
Hungarian noblewoman who allegedly killed many young women, earning her the nickname "The Blood Countess"Elizabeth Báthory
92%
Empress of Austria and wife of Franz Joseph I known for her beautyElizabeth, Empress of Austria
92%
Longest-reigning monarch in British History who ascended to the throne in 1952Elizabeth II of Great Britain
92%
English monarch known as the "Virgin Queen" and the daughter of Henry VIII and Anne BoleynElizabeth I of England
92%
Indian lawyer and political leader known for his nonviolent resistance against British ruleMahatma Gandhi
92%
Ancient Egyptian Queen whose relationships with two Roman generals, which forever altered the fate of both the Egyptian and Roman EmpiresCleopatra
90%
First President of the United States of AmericaGeorge Washington
90%
35th President of the United States often referred to as "Camelot"John F. Kennedy
90%
Member of the Beatles who was assassinated in New York at the Dakota building in 1980John Lennon
90%
French biologist and chemist known for his discoveries in microbiology, including the development of the rabies vaccineLouis Pasteur
90%
King of France from 1610-1643 known for his role in the Thirty Years' War and relied on Cardinal Richelieu as his chief ministerLouis XIII of France
90%
French monarch known as the "Sun King"Louis XIV of France
90%
The last king of France before the French Revolution whose execution during the Reign of Terror marked the dissolution of the French monarchyLouis XVI of France
90%
King of France from 1715-1774 who ruled during the War of Austrian Succession and the Seven Years' WarLouis XV of France
90%
German monk who sparked the Protestant Reformation by challenging the Catholic Church's practicesMartin Luther
90%
Italian Renissance artist famous for the "David" and the "Sistine Ceiling"Michelangelo
90%
Short-lived pope who served 33 days before his death in 1978Pope John Paul I
90%
Polish-born Pope who served from 1978-2005Pope John Paul II
90%
American inventor from New Jersey known for creating the lightbulbThomas Edison
90%
The third President of the United States and author of the Declaration of IndependenceThomas Jefferson
90%
Leader of the Bolshevik Revolution and founder of the Soviet UnionVladimir Lenin
90%
Elizabethan playwright and poet with timeless works such as "Hamlet"William Shakespeare
90%
Child prodigy composer of many classical works including "The Magic Flute"Wolfgang Amadeus Mozart
90%
Jewish diarist who documented hiding in an attic from the Nazi's during the German occupation of the NetherlandsAnne Frank
88%
American Founding Father known for his role in the Constituion and electricity experimentsBenjamin Franklin
88%
Silent film actor and director known for his character "The Tramp"Charlie Chaplin
88%
Former American President and the only federal official to be impeached twiceDonald Trump
88%
Italian astronomer known for advanced telescope technologyGalileo Galilei
88%
Founder of the Mongol EmpireGenghis Khan
88%
Italian sculptor and architect of the Baroque period known for his works "Apollo and Daphne"Gian Lorenzo Bernini
88%
American industrialist and inventor of the Model THenry Ford
88%
French heroine and military leader who led the French forces at the Siege of OrléansJoan of Arc
88%
German composer known for his "Brandenburg Concertos"Johann Sebastian Bach
88%
French theologian and key figure in the Protestant Reformation known for his work "Institutes of the Christian Religion" and establishment of CalvinismJohn Calvin
88%
German philosopher and economist who co-authored "The Communist Manifesto"Karl Marx
88%
Biblical fgure known for being one of Jesus' followers and being present at his crucifixion, burial, and the first witness to his resurrectionMary Magdalene
88%
South African anti-apartheid revolutionary and the country's first black presidentNelson Mandela
88%
Flemish Baroque painter known for his work "The Descent from the Cross"Peter Paul Rubens
88%
Dutch post-impressionist painter known for his works such as "Starry Night" and "Sunflowers"Vincent van Gogh
88%
Scottish bacteriologist who discovered the antibiotic properities of penicillinAlexander Fleming
87%
Russian poet and writer known for his epics such as "Eugene Onegin" and "The Bronze Horseman"Alexander Pushkin
87%
Macedonian king who conquered vast lands such as Persia and EgyptAlexander the Great
87%
Italian fascist dictator known for his authoritarian regime and alliance with Nazi GermanyBenito Mussolini
87%
U.S. President during the Great Depression and part of World War IIFranklin D. Roosevelt
87%
National Security Advisor and Secretary of State under Nixon and FordHenry Kissinger
87%
English philosopher known for his belief in natural rights, particularly the rights to life, liberty, and propertyJohn Locke
87%
British economist of the 20th century known for his book "The General Theory of Employment, Interest, and Money"John Maynard Keynes
87%
One of the twelve apostles of Jesus and regarded as the author of several books in the New TestamentJohn the Apostle
87%
Biblical figure known for baptizing Jesus in the Jordan RiverJohn the Baptist
87%
Three-named assassin of Abraham LincolnJohn Wilkes Booth
87%
Co-ruler of England, Scotland, and Ireland with her husband William III of OrangeMary II of England
87%
English Queen sometimes referred to as "Bloody ____"Mary I of England
87%
Central figure in Christianity revered for her purity and devotionMary, mother of Jesus
87%
Queen beheaded at the order of her cousin, Elizabeth I of EnglandMary, Queen of Scots
87%
Spanish painter and sculptor who co-founded CubismPablo Picasso
87%
Controversial Renaissance pope reigning from 1492-1503, famous for his involvement with the Borgia family and the "Banquet of Chestnuts"Pope Alexander VI
87%
Pope from 1316-1334 known for his conflicts with the Franciscans over poverty and ownership of propertyPope John XXII
87%
Austrian neurologist and founder of psychoanalysisSigmund Freud
87%
Indian spiritual leader who achieved enlightenment under the Bodhi treeGautama Buddha
85%
Ancient Greek poet credited with composing the epics "The Illiad" and "The Odyssey"Homer
85%
Unidentified serial killer who terrorized the Whitechapel district, killing and mutilating at least five womenJack the Ripper
85%
Wife of Louis XVI known for her extravagant lifestyle and untrue quote "Let them eat cake"Marie Antoinette
85%
Polish-born physicist, chemist, and pioneer in the field of radioactivityMarie Curie
85%
Ancient Greek philosopher and teacher of AristotlePlato
85%
Ancient Greek philosopher known for his method of questioningSocrates
85%
French author known for his novels "Les Misérables" and "The Hunchback of Notroe-Dame"Victor Hugo
85%
Jamaican musician known for popularizing reggae music and songs promoting social justice, love, and unityBob Marley
83%
King of Franks later crowned as the first Holy Roman EmperorCharlemagne
83%
Victorian author of "Great Expectations" and "A Tale of Two Cities"Charles Dickens
83%
Biblical figure who slayed Goliath with a slingshotDavid
83%
Scottish pholosopher and historian known for his work "A Treatise of Human Nature"David Hume
83%
Prominent figure in the Civil Rights Movement known for his advocacy of black nationalism, self-defense, and leadership within the Nation of IslamMalcolm X
83%
Biblical figure who led the Israelites out of slavery in EgyptMoses
83%
Polish astronomer who proposed the heliocentric model of the solar systemNicolaus Copernicus
83%
Tsar of Russia known for his efforts to modernize and westernize Russia and is the namesake of a notable Russian cityPeter the Great
83%
Flemish Renaissance painter known for his works "The Hunters in the Snow" and "The Tower of Babel"Pieter Bruegel the Elder
83%
Dutch painter known for his abstract compositions of geometric shapes such as "Composition with Red, Blue, and Yellow"Piet Mondrian
83%
One of the twelve apostles of Jesus and considered the first pope by the Catholic ChurchSaint Peter
83%
English explorer and naval officer known for circumnavigating the globeSir Francis Drake
83%
The current President and Prime Minister of Russia known for his tight control over domestic politicsVladimir Putin
83%
British PM during World War IIWinston Churchill
83%
American actor and director known for his roles in Western films and directing "Million Dollar Baby"Clint Eastwood
81%
Cuban revolutionary who led Cuba for nearly five decdes and is known for his Marxist-Leninist ideologyFidel Castro
81%
English philosopher, statesman, and essayist known for his contributions to the scientific method and empiricism, often regarded as one of the founders of modern scienceFrancis Bacon
81%
Italian Catholic friar and preacher known for founding the Franciscan OrderFrancis of Assisi
81%
French physicist known for his discovery of radioactivity in 1896Henri Becquerel
81%
French artist of the Fauvist movement known for "The Dance" and "Woman with a Hat"Henri Matisse
81%
Swiss businessman and social activist who founded the International Committee of the Red CrossHenry Dunant
81%
King of France from 1589-1610 and was the first monarch of the House of BourbonHenry IV of France
81%
English king who had six wivesHenry VIII of England
81%
Donald Trump's opponent in the 2016 Presidential ElectionHillary Clinton
81%
American actress known for her roles in films such as "Some Like It Hot" and "Gentleman Prefer Blondes"Marilyn Monroe
81%
He fiddled while Rome burnedNero
81%
Current leader of the Catholic Church and first Latin American popePope Francis
81%
Ancient Greek philosopher and tutor to Alexander the GreatAristotle
79%
"Great" Empress of RussiaCatherine the Great
79%
Leader of the Free French Forces during WWII who later served as the President of France from 1959-1969Charles de Gaulle
79%
Tupelo-born American rockstar commonly referred to as the "King of Rock"Elvis Presley
79%
German inventor credited with the invention of the printing press, however it had been previously invented in ChinaJohannes Gutenberg
79%
Yugoslav President from 1953-1980 who led the resistance against Axis occupation during World War IIJosip Broz Tito
79%
Biblical figure known for his betrayal of Jesus, leading to Jesus' arrest and crucifixionJudas Iscariot
79%
Chinese communist revolutionary who founded the People's Republic of China and initiated the Great Leap Forward and the Cultural RevolutionMao Zedong
79%
Venetian explorer known for his travels along the Silk RoadMarco Polo
79%
First President of France known for urban planning projects in Paris and involvement in the Crimean War and Franco-Prussian WarNapoleon III
79%
French Post-Impressionist artist known for his depictions of Tahitian lifePaul Gauguin
79%
British monarch who is the namesake of an era and became the Empress of IndiaQueen Victoria
79%
40th President of the United States known for his role in ending the Cold WarRonald Reagan
79%
Ancient Egyptian pharaoh who asceded to the throne at a young age and is famous for his tomb, which was discovered nearly intact in the Valley of the KingsTutankhamun
79%
French philosopher known as the founder of positivism and the discipline of sociologyAuguste Comte
77%
French sculptor known for his works "The Thinker" and "The Kiss"Auguste Rodin
77%
Florentine noblewoman who became Queen of France as the wife of King Henry IICatherine de' Medici
77%
Portugese explorer who led the first expedition to circumnavigate the globeArgFerdinand Magellan
77%
Biblical figure known for his colorful coat, interpretation of dreams, and rise to power in Europe where he saved his family and the nation from famineJoseph
77%
British author known for creating the high fantasy world of Middle-earth in works like "The Hobbit" and "The Lord of the Rings"J. R. R. Tolkien
77%
Controversial singer from the 80s known as the "King of Pop"Michael Jackson
77%
Albanian nun known for her humanitarian work in Calcutta, IndiaMother Teresa
77%
French Post-Impressionist painter known for his work "Mont Sainte-Victoire"Paul Cèzanne
77%
A key figure in the spread of Christianity who was originally known as Saul of TarsusPaul the Apostle
77%
French physicist and husband of Marie who collaborated with her to discover polonium and radiumPierre Curie
77%
Head of the Catholic Church fro 1963-1978 known for continuing the reforms of the Second Vatican CouncilPope Paul VI
77%
Surrealist artist known for his eccentric personality, flamboyant mustache, and melting clock paintingsSalvador Dalí
77%
Director of "Jaws", "Jurassic Park", and "The Fabelmans"Steven Spielberg
77%
Scotsman considered the father of modern economicsAdam Smith
75%
Leader of the Huns who terrorized Europe in the 5th century, earning him the nickname "The Scourge of God"Attila the Hun
75%
Chinese philosopher known for his teachings on ethics, morality, and social relationshipsConfucius
75%
English novelist known for his dystopian novels "Nineteen Eighty-Four" and "Animal Farm"George Orwell
75%
German philosopher known for his dialectical method and work on the philosophy of historyGeorg Wilhelm Friedrich Hegel
75%
Austrian composer known as the "Father of the Symphony" and "Father of the String Quartet"Joseph Haydn
75%
American preacher and civil rights leader known for his "I Have a Dream" speechMartin Luther King Jr.
75%
American astronaut and first person to walk on the Moon during the Apollo 11 missionNeil Armstrong
75%
Creator of Marvel ComicsStan Lee
75%
This Archduke's death was the catalyst for World War IArchduke Franz Ferdinand of Austria
73%
Italian poet who authored "The Divine Comedy," an epic describing his journey through Hell, Purgatory, and HeavenDante Alighieri
73%
Mexican artist known for her self-portraits which often incorporated elements of Mexican culture and symbolismFrida Kahlo
73%
German-British composer known for his operas, oratorios, and instrumental composions such as "Messiah" and the Water Music suiteGeorge Frideric Handel
73%
English captain who "discovered" HawaiiJames Cook
73%
Bohemian reformer in the 14th and early 15th centuries known for his criticism of the Catholic Church and its authority of the PopeJan Hus
73%
The first female and longest-serving British PMMargaret Thatcher
73%
American author from Missouri known for his novels "The Adventures of Tom Sawyer" and "Adventures of Huckleberry Finn"Mark Twain
73%
Husband of Mary and foster father of Jesus known for his role as a protector of the Catholic ChurchSaint Joseph
73%
American actor known for his portrayal of Rocky Balboa and John RamboSylvester Stallone
73%
Founding figure of Judaism, Christianity, and IslamAbraham
71%
Inventor of dynamite and namesake for awards given to those who have conferred the "greatest benefit to humankind"Alfred Nobel
71%
Russian physiologist known for experimenting with dogs in his work in classical conditioningIvan Pavlov
71%
Serbian-American inventor and engineer known for his contributions to AC electrical systems and wireless communicationNikola Tesla
71%
President of Iraq from 1979-2003 known for his authoritarian rule and involvement in multiple wars including the Iran-Iraq War and the Gulf WarSaddam Hussein
71%
Italian explorer and namesake of two continentsAmerigo Vespucci
69%
First Roman Emperor who ushered in the Pax RomanaAugustus
69%
Czech-born writer known for his novels and short stories such as "The Metamorphosis" and "The Trial"Franz Kafka
69%
Lead singer of Queen from ZanzibarFreddie Mercury
69%
Danish author known for his traditionally gruesome fairy tales such as "The Little Mermaid"Hans Christian Andersen
69%
"Mr. _______, tear down this wall!"Mikhail Gorbachev
69%
Founder of the Reublic of Turkey who led modernization reformsMustafa Kemal Atatürk
69%
Communist leader of Romania from 1965-1989 known for his oppressive regime containing censorship and human rights abusesNicolae Ceausescu
69%
Christian martyr and patron saint of England, known for slaying a dragonSaint George
69%
British theoretical physicist known for his work on black holes, cosmology, and the nature of universe, as well as his book "A Brief History of Time"Stephen Hawking
69%
Portugese explorer and first European to reach India by seaVasco de Gama
69%
English author known for her murder mysteriesAgatha Christie
67%
Marcial artist and actor known for movies "Enter the Dragon" and "Fists of Fury"Bruce Lee
67%
American writer known for his macabre and Gotic tales such as "The Raven" and "The tell-Tale Heart"Edgar Allen Poe
67%
Spanish dictator from 1939-1975 and played a key role in the Spanish Civil WarFrancisco Franco
67%
Scottish inventor known for his improvements to the steam engine and for the unit of power named in his honorJames Watt
67%
39th President of the United States who played a key role in brokering the Camp David AccordsJimmy Carter
67%
Brazilian soccer legend who won three FIFA World Cup titles in 1958, 1962, and 1970Pelé
67%
Ancient Greek mathematician and namesake of an important geometrical theoremPythagoras
67%
The creator of a famous children's entertainment company which gained fame for its movies of classic fairy talesWalt Disney
67%
Italian composer known for his Baroque masterpiece "The Four Seasons"Antonio Vivaldi
65%
Italian Renaissance political philosopher and author of "The Prince", known for his pragmatic views on power and governanceNiccolò Machiavelli
65%
Italian violinist and guitarist known as the "Devil's Violinist"Niccolò Paganini
65%
German composer known for his operas such as "The Ring Cycle" and "Tristan und Isolde"Richard Wagner
65%
Norwegian painter known for his work "The Scream"Edvard Munch
63%
The last Emperor of Russia whose abdication marked the end of the Romanov dynasty, resulting in the Russian Revolution and his execution by the BolsheviksNicholas II of Russia
63%
Turkish Christian saint and bishop of the 4th century who inspired Santa ClausSaint Nicholas
63%
English film director known as the "Master of Suspense" for his works "Psycho" and "The Birds"Alfred Hitchcock
62%
Famous beheaded wife of King Henry VIII and mother to Elizabeth IAnne Boleyn
62%
French impressionist painter known for his series of paintings of water lilliesClaude Monet
62%
German co-author of "The Communist Manifesto" and contributed to works such as "The Condition of the Working Class in England"Friedrich Engels
62%
Tsar of Russia from 1547-1584 known for his centralization of power and brutal suppression of dissentIvan the Terrible
62%
Roman general known for his romance with Cleopatra, leading to his defeat by OctavianMark Antony
62%
First Chancellor of Germany known for his realpolitik diplomacyOtto van Bismarck
62%
Dutch Golden Age painter known for works such as "The Night Watch"Rembrandt
62%
Soviet cosmonaut who was the first human to journey into outer spaceYuri Gagarin
62%
French fashion designer who collaborated with the Nazi's during World War IICoco Chanel
60%
Hungarian composer and virtuoso pianist of the Romantic era, known for his contributions to the development of the symphonic poemFranz Liszt
60%
Carthaginian military commander who famously crossed the Alps with elephants during the Second Punic WarHannibal
60%
The 124th Emperor of Japan who ruled during WW2, signing off on the Pearl Harbor AttackHirohito
60%
Russian composer known for his romantic and expressive music, including ballets like "Swan Lake" and "The Nutcracker"Pyotr Ilyich Tchaikovsky
60%
Italian physicist of the 19th century known for his invention of the electric batteryAlessandro Volta
58%
French poet known for his work "Les Fleurs du Mal"Charles Baudelaire
58%
Austrian composer known for his lieder and works such as "Ave Maria"Franz Schubert
58%
German philosopher known for his concept of the Übermensch and his proclamation of the "death of God"Friedrich Nietzsche
58%
Eighth President of the United States known for serving during the Panic of 1837Martin Van Buren
58%
Italian Renaissance painter known for his work "The School of Athens"Raphael
58%
French writer known for his novel "The Little Prince"Antoine de Saint-Exupéry
56%
German writer, poet, and statesman known for his work "Faust" and contributions to the Sturm und Drang literary movementJohann Wolfgang van Goethe
56%
English king marked by controversy over the disappearance of his nephews, the Princes in the Tower, and whose death marked the end of the Plantagenet dynasty and the beginning of the Tudor eraRichard III of England
56%
King of England from 1189 to 1199 known for his leadership during the Third CrusadeRichard I of England
56%
German novelist and 1929 Nobel Prize in Literature laureate known for "Buddenbrooks"Thomas Mann
56%
Ancient Greek mathematician, physicist, and inventor who cried "Eureka!"Archimedes
54%
Frankish military leader known for his victory over the Moors at the Battle of ToursCharles Martel
54%
Holy Roman Emperor known for his role in the Protestant Reformation, conflicts with the Ottoman Empire, and abdication in 1556Charles V, Holy Roman Emperor
54%
Austrian scientist and Augustinian friar known as the father of modern geneticsGregor Mendel
54%
Spanish conquistador whose conquest of Tenochtitlan in 1521 ended the Aztec EmpireHernán Cortès
54%
Irish novelist known for his work "Ulysses"James Joyce
54%
Biblical king known for his wisdom, wealth, and building the First Temple in JerusalemSolomon
54%
Early Christian theologian and philosopher known for his works "Confessions" and "The City of God"Augustine of Hippo
52%
Polish composer and virtuoso pianist known for his compositions including nocturnes, preludes, and waltzesFrédéric Chopin
52%
11th President of the United States known for the annexation of Texas, the Oregon Treaty with Great Britain, and the Mexican-American WarJames K. Polk
52%
Swiss-French philosopher known for his work "The Social Contract"Jean-Jacques Rosseau
52%
Archduchess of Austria and Queen of Hungary and Bohemia known for her reforms and efforts to modernize the Habsburg MonarchyMaria Theresa
52%
One of the four canonical gospels in the New Testament and one of the Twelve ApostlesMatthew the Apostle
52%
Native American woman who played a significant role in the early history of the Jamestown settlementPocahontas
52%
English philosopher known for his political theory outlined in his work "Leviathan"Thomas Hobbes
52%
French Enlightenment writer and philosopher known for his advocacy for freedom of speech, religion, and separation of church and stateVoltaire
52%
Ancient Greek physicia often referred to as the "Father of Medicine" who lent his namesake to a crucial oath for medical ethicsHippocrates
50%
German philosopher known for his work in metaphysics, ethics, and epistemologyImmanuel Kant
50%
Persian mathematician who pioneered the development of algebra, introduced the concept of algorithms, and laid the foundation for modern mathematics and computer scienceMuhammad ibn Musa al-Khwarizmi
50%
Italian Dominican friar and theologian, and a jurist in the tradition of scholasticism from the county of AquinoThomas Aquinas
50%
English author known for his work "Utopia" and serving as the Lord Chancellor under Henry VIIIThomas More
50%
15th-century ruler of Wallachia who gained infamy from his cruel methods of punishment and served as the inspiration for DraculaVlad the Impaler
50%
Ancient Greek storyteller known for his fables, often featuring animals with human characteristicsAesop
48%
British writer best known for creating the fictional detective Sherlock HolmesArthur Conan Doyle
48%
Prolific American novelist known for his works "A Farewell to Arms" and "The Sun Also Rises"Ernest Hemingway
48%
Emperor of Austria from 1848-1916 whose reign ultimately led to the decline of the Austro-Hungarian EmpireFranz Joseph I of Austria
48%
Russian novelist known for works such as "Crime and Punishment" and "The Brothers Karamazov"Fyodor Dostoevsky
48%
Russian "Mad Monk"Grigori Rasputin
48%
Babylonian king known for his law code which established the "eye for an eye" perspectiveHammurabi
48%
King of Judea from 37-4 BC known for expanding the Second Temple of JerusalemHerod the Great
48%
French novelist known as the "Father of Science Fiction" and known for his adventure novels such as "Twenty Thousand Leagues Under the Sea"Jules Verne
48%
Norwegian explorer known for leading the first expedition to reach the South Pole in 1911Roald Amundsen
48%
Scottish leader of the resistance against England in the Wars of Scottish IndependenceWilliam Wallace
48%
British computer scientists known for breaking the German Enigma codeAlan Turing
46%
French chemist known as the "father of modern chemistry"Antoine Lavoisier
46%
He thought therefore he wasRené Descartes
46%
Thracian gladiator who led a slave revolt against the Roman Republic in the Third Servile WarSpartacus
46%
French-Algerian author known for his novels "The Stranger" and "The Plague"Albert Camus
44%
Spanish architect known for his designs for the Sagrada Familia basilica in BarcelonaAntoni Gaudí
44%
Christian saint and founder of the Benedictine OrderBenedict of Nursia
44%
Roman Emperor known for his tyrranical rule and insanity, declaring himself a god and ordering the assassination of political rivalsCaligula
44%
Norwegian Romantic composer known for his works the "Peer Gynt" suitesEdvard Grieg
44%
Italian composer known for his operas including "La Traviata" and "Aida"Giuseppe Verdi
44%
Scottish physicist known for his equations which describe the behavior of electric and magnetic fieldsJames Clerk Maxwell
44%
The son of Zebedee, brother of the apostle John, and one of the Twelve ApostlesJames, son of Zebedee
44%
American singer-songwriter in the 60s known for her song "Me and Bobby McGee"Janis Joplin
44%
German astronomer known for his laws of planetary motion and work on optics ad astronomyJohannes Kepler
44%
British scientist credited with the discovery of electromagnetic induction and principles underlying the operation of electric motors and generatorsMichael Faraday
44%
Head of the Catholic Church from 2005-2013 who adopted the title Pope EmeritusPope Benedict XVI
44%
The first female German Chancellor who served from 2005-2021Angela Merkel
42%
Russian chemist known for his creation of the Periodic Table of ElementsDmitri Mendeleev
42%
French playwright, philosopher, and novelist known for his works like "Being and Nothingness" and "No Exit"Jean-Paul Sartre
42%
Dutch painter known for his works "Girl with a Pearl Earring" and "The Milkmaid"Johannes Vermeer
42%
Namesake of Mercedes who invented the first automobile powered by an internal combustion engineKarl Benz
42%
Roman Emperor known for his Stoic philosophy and work "Meditations"Marcus Aurelius
42%
Roman governor of Judea during the time of JesusPontius Pilate
42%
Cousin and son-in-law of Muhammad and the fourth caliph of IslamAli
40%
Roman emperor known for his conversion to Christianity, leading towards the Christianization of the empireConstantine the Great
40%
Italian Renissance sculptor known for the "Bronze David"Donatello
40%
Ancient Greek mathematician known as the "Father of Geometry"Euclid
40%
Italin educator known for develoing a method of education emphasizing independence and hands-on learning in childrenMaria Montessori
40%
Chinese military strategist best known for his work "The Art of War"Sun Tzu
40%
French physicist and mathematician known for his work and electromagnetism and formulating his own LawAndré-Marie Ampère
38%
Russian playright known for his works "The Cherry Orchard" and "Three Sisters"Anton Chekhov
38%
French engineer and architect of a famous Paris Tower named in his honorGustave Eiffel
38%
Roman Emperor who built a wall in Northern EnglandHadrian
38%
Wife of Ferdinand II of Aragon who completed the Reconquista and sponsored the voyage of Christopher ColumbusIsabella I of Castile
38%
Biblical patriarch known as the son of Isaac and the father of the twelve tribes of IsraelJacob
38%
German composer of the Romantic period known for his works "Symphony No. 4", "Piano Concerto No. 2", and the "German Requiem"Johannes Brahms
38%
Swiss mathematician known for his contributions to calculus, number theory, graph theory, and mechanics, and development of the notation and terminology used in these disciplinesLeonhard Euler
38%
Spanish writer known for his work "Don Quixote"Miguel de Cervantes
38%
French astrologer known for his book "Les Propheties", which has been interpreted as predictions of future eventsNostradamus
38%
Irish author known for his novel "The Picture of Dorian Gray"Oscar Wilde
38%
German philosopher known for his pessimistic philosophy and work "The World as Will and Representation"Arthur Schopenhauer
37%
Belgian actress known for her film "Breakfast at Tiffany" and philanthropic work with UNICEFAudrey Hepburn
37%
Swiss psychiatrist and psychoanalyst who founded analytical psychology including concepts such as archetypes and collective unconsciousCarl Jung
37%
French singer-songwriter known for her songs "La Vie en rose" and "Non, je ne regrette rien"Édith Piaf
37%
German poet and playwright known for his works "William Tell" and "Ode to Joy"Friedrich Schiller
37%
Leading member of the Nazi Party and the head of the SS and GestapoHeinrich Himmler
37%
Flemish painter known for his works the "Arnolfini Portait" and the "Ghent Altarpiece"Jan van Eyck
37%
German fashion designer known for his work with Chanel and FendiKarl Lagerfeld
37%
Father of Alexander the GreatPhilip II of Macedon
37%
Czech composer known for his works "New World Symphony" and "Slavonic Dances"Antonín Dvorák
35%
Evil Nazi doctor known as the "Angel of Death"Josef Mengele
35%
Florentine ruler from 1469-1492, ruling during the Renaissance and Golden Age of FlorenceLorenzo de' Medici
35%
Columbian drug lord and the leader of the Medellín CartelPablo Escobar
35%
Italian Renaissance painter known for works such as "The Birth of Venus" and "Primavera"Sandro Botticelli
35%
Holy Roman Emperor who reigned from 1155-1190 and led the Third Crusade to the Holy LandFrederick I, Holy Roman Emperor
33%
Prolific American novelist of the Roaring Twenties known for his work "The Great Gatsby"F. Scott Fitzgerald
33%
Greek historian known for his work "The Histories", which documented the Greco-Persian WarsHerodotus
33%
Libyan dictator who promoted his political philosophy in "The Green Book" and played a key role in the Libyan Civil WarMuammar Gaddafi
33%
Austrian writer known for his novel "The Royal Game"Stefan Zweig
33%
Ottoman Sultan known for his expansion of the empire, cultural patronage, and legal reformsSuleiman the Magnificent
33%
English writer known for his novel "Robinson Crusoe"Daniel Defoe
31%
Italian inventor who pioneered long-distance radio transmission, sending the first transatlantic radio message in 1901Guglielmo Marconi
31%
Austrian symbolist painter known for his work "Woman in Gold"Gustav Klimt
31%
Son of Abraham and Sarah who almost sacrificed his father as a test of faithIsaac
31%
English author of the Regency era known for her works "Emma" and "Persuasion"Jane Austen
31%
French Neoclassical painter known for his paintings "The Apotheosis of Homer" and "The Turkish Bath"Jean-Auguste-Dominique Ingres
31%
American actor known for his roles in "The Godfather" and "A Streetcar Named Desire"Marlon Brando
31%
German philosopher known for his work "Being and Time"Martin Heidegger
31%
Egyptian king known for her prominent role alongside her husband Pharoh Akhenaten during the 14th century BCNefertiti
31%
Soviet leader who succeeded Stalin, known for his policy of de-Stalinization and role in the Cuban Missile CrisisNikita Kruschev
31%
Germa composer and music critic of the Romantic era known for "Kinderszenen"Robert Schumann
31%
Biblical figure who was the older brother of Moses and first heigh priest of the IsraelitesAaron
29%
Spiritual leader of Tibetan Buddhism believed to be the reincarnation of AvalokiteshvaraDalai Lama
29%
German field marshal in World War II often referred to as the "Desert Fox"Erwin Rommel
29%
Byzantine Emperor known for his codification of Roman law in the Corpus Juris Civilis and construction of the Hagia Sofia in ConstantinopleJustinian I
29%
Chinese philosopher and founder of TaoismLaozi
29%
Spanish king who launched an armada on EnglandPhilip II of Spain
29%
French monarch known for the suppression of the Knights Templar and relocation of the papacy to AvignonPhilip IV of France
29%
French Impressionist painter known for his work "Dance at Le Moulin de la Galette"Pierre-Auguste Renoir
29%
French mathematician known for his Last Theorem which remained unsolved until 1994Pierre de Fermat
29%
Leader of the Catholic Church during WWII criticized for his response to the HolocaustPope Pius XII
29%
First Emperor of China who created construction projects such as the Great Wall of China and the Terracotta ArmyQin Shi Huang
29%
Roman poet known for his epic "The Aeneid"Virgil
29%
The last German Emperor and King of Prussia who ruled until his abdication at the end of WWIWilhelm II, German Emperor
29%
Chairman of the Palestinian Liberation Organization (PLO) who led its efforts to establish a Palestinian state and negotiate with Israel for peaceYasser Arafat
29%
Persian prophet and founder of ZoroastrianismZoroaster
29%
Often depicted as the first disciple caused by JesusAndrew the Apostle
27%
Prominent figure in Nazi Germany, commander of the Luftwaffe and founder of the GestapoHermann Göring
27%
Dutch footballer who played for Ajax and BarcelonaJohan Cryuff
27%
Danish physicst who proposed the ____ model of the atom and wo the Nobel Prize in 1922Niels Bohr
27%
Holy Roman Emperor who rained from 962-197, known for trying to consolidate royal power in Germany and his patronage of the Catholic Church, eventually canonized as a saintOtto I, Holy Roman Emperor
27%
Roman poet known for his works "Metamorphoses" and "Ars Amatoria"Ovid
27%
Medieval Muslim military leader known for recapturing Jerusalem from the Crusaders in 1187Saladin
27%
Medieval Central Asian conqueror known for his military campaigns and the establishment of the Timurid EmpireTimur
27%
Fourth king of the Persian Achaemenid Empire known for invading Greece and the attles of Thermopylae and SalamisXerxes I
27%
Portugese explorer during the 15th and 16th century known for being the first European explorer to sail around the southern tip of AfricaBartolomeu Dias
25%
Roman Emperor famous for marrying his niece Agrippina and being poisoned to make way for Nero's ascension to the throneClaudius
25%
English nurse during the Crimean War known as the founder of the modern disciplineFlorence Nightingale
25%
Spanish painter and printmaker known for his depictions of the horrors of war in "The Disasters of War" seriesFrancisco Goya
25%
Swedish actress known for her roles in "Casablanca" and "Notorious"Ingrid Bergman
25%
German physicist known as the father of quantum theory and discovering the equation E=hfMax Planck
25%
Danish philosopher often considered the "father of existentialism" known for "Either/Or"Søren Kierkegaard
25%
Director of "The Shining" and "2001 A Spacy Odyssey"Stanley Kubrick
25%
Nazi official captured by Israeli agents in Argentina and tried in Jerusalem for war crimesAdolf Eichmann
23%
French actor known for his work in "Purple Noon", "Le Samourai", and "La Piscine"Alain Delon
23%
Swedish botanist and taxonomist known a the "Father of Modern Taxonomy"Carl Linnaeus
23%
Head of the Republic of China from 1928-1975 known for leading the Nationalist government during the Northern Expedition and the Chinese Civil WarChiang Kai-shek
23%
Roman orator and philosopher known for his mastery of Latin prose, speeches against corrupt politicians, and philosophical works on ethics and politicsCicero
23%
Columbian author known for his book "One Hundred Years of Solitude"Gabriel García Márquez
23%
Italian nationalist leader and key fgure in the Risorgimento movementGiuseppe Garibaldi
23%
Austrian composer and conductor of the late Romantic period known for his symphonies such as "Symphony No. 2" and "Symphony No. 5)Gustav Mahler
23%
Biblical figure swallowed by a fish after tryign to flee from God's command to preach in NinevahJonah
23%
French playwright known for comedies such as "Tartuffe" and "The Misanthrope"Molière
23%
American actor known for his distinctive voice and roles in "Driving Miss Daisy" and "Million Dollar Baby"Morgan Freeman
23%
Ancient Greek playwright known for his tragedies including "Oedipus Rex" and "Antigone"Sophocles
23%
German painter, printmaker, and theorist known for detailed and realistic portraits, religious works, and woodcutsAlbrecht Dürer
21%
70s performer, fashion idol, and the first singer to use autotuneCher
21%
Biblical prophet known for his confrontation with the prophets of Baal on Mount CarmelElijah
21%
Ancient Greek philosopher known for founding the Epicureanism schoolEpicurus
21%
Norwegian playwright known for his works "A Doll's House", "Hedda Gabler", and "Ghosts"Henrik Ibsen
21%
American busuiness magnate and aviator known for the "Spruce Goose" aircraftHoward Hughes
21%
Moroccan explorer who chronicled is travels in "Rihla"Ibn Battuta
21%
Austrian philosopher known for his work "Tractatus Logico-Philosophicus"Ludwig Wittgenstein
21%
French novelist known for his work "In Search of Lost Time"Marcel Proust
21%
Turkish PM from 2003-2014 and President since 2014 known for his conservative views and controversial policies on dissent and media censorshipRecep Tayyip Erdoğan
21%
Dutch Renaissance humanist and theologian known for his critical edition of the New Testament and promoting classical learning and Christian humanismErasmus
19%
Kiwi physicist known as the "father of nuclear physics" who conducted the gold foil experiment leading to the discovery of the atomic nucleusErnest Rutherford
19%
Arab scholar known for his work "The Muqaddimah"Ibn Khaldun
19%
French writer known for her feminist work "The Second Sex"Simone de Beauvoir
19%
Portugese Catholic priest and Franciscan friar known for his preaching and sermonsAnthony of Padua
17%
German mathematician and physicist known for his contributions to fields including number theory, algebra, statistics, and electromagnetism, often regarded as one of the greatest mathematicians of all timeCarl Friedrich Gauss
17%
French novelist known for her works "Germinal", "Nana," and "Thérèse Raquin"Émile Zola
17%
Italian composer known for his operas "La Bohème" and "Madame Butterfly"Giacomo Puccini
17%
Swedish king known as the "father of modern warfare," instrumental in the Thirty Years' WarGustavus Adolphus of Sweden
17%
Russian composer known for ballet scores "The Rite of Spring" and "The Firebird"Igor Stravinsky
17%
Ancient Greek astronomer and geographer who proposed a geocentric model of the universePtolemy
17%
Egyptian pharaoh who reigned for over 66 years in the 19th dynasty, known for his building projects and military campaignsRamesses II
17%
The second Roman Emperor succeeding AugustusTiberius
17%
American socialite whose marraige to King Edward VIII led to his abdicationWallis Simpson
17%
"Great" king of the Persian Achaemenid Empire known for his inscription at BehistunDarius the Great
15%
German polymath known for his development of differential and integral calculas independently of Isaac NewtonGottfried Wilhelm Leibniz
15%
Swiss writer known for his novels "Siddhartha", "Steppenwolf", and "The Glass Bead Game"Hermann Hesse
15%
Dutch painter known for his works "The Garden of Earthly Delight" and "The Last Judgement"Hieronymus Bosch
15%
English Romantic poet associated with "Don Juan" and infamous for his scandalous lifeLord Byron
15%
German actress and singer famous for her roles in "The Blue Angel and Morocco"Marlene Dietrich
15%
Babylonian king known for his building projects including the Hanging Gardens of Babylon and was mentioned in the BibleNebuchadnezzar II
15%
Emperor of Japan from 1989-2019 and the son of former Emperor HirohitoAkihito
13%
Roman Emperor known for his extravagant lifestyle, erratic behavior, and portrayal in the film "Gladiator"Commodus
13%
Chinese leader who rose to power after Mao Zedong's deathDeng Xiaoping
13%
French novelist known for his work "La Comédie Humaine"Honoré de Balzac
13%
Holy Roman Emperor from 1508-1519, known for his marriage to Mary of Burgundy and his efforts to expand Habsburg influence in EuropeMaximilian I, Holy Roman Emperor
13%
Canadian rock band from the 1970's known for their experimental style, blending hard and progressive rock and new waveMax Webster
13%
Prominent Athenian general known for his leadership in the Peloponnesian WarPericles
13%
Polish cofounder of the Spartacus League and German Communist PartyRosa Luxemburg
13%
Italian Renaisance painter known for "Veus of Urbino" and "Bacchus and Adriadne"Titian
13%
Roman Emperor known for his military conquest in the Dacian Wars and building projects such as ______'s Column and ______'s Forum in RomeTrajan
13%
British philosopher and Nobel laureate known for his work "Principia Mathematica"Bertrand Russell
12%
French mathematician, physicist, and philosopher known for his contributions to probablity theory and his law in fluid mechanicsBlaise Pascal
12%
Roman Emperor from 284-305 AD known for his efforts to stabilize Rome during the Crisis of the Third CenturyDiocletian
12%
Italian mathematician who introduced the Hindu-Arabic numeral system to EuropeFibonacci
12%
French writer known for exploring taboo subjects in "Justine" and "The 120 Days of Sodom"Marquis de Sade
12%
Persian mathematician poet known for his poem Rubaiyat" and work on algebra and geometryOmar Khayyam
12%
Iranian Shia Muslim religious leader who led the 1979 Iranian RevolutionRuhollah Khomeini
12%
Greek poet from Lesbos known for her works "Ode to Aphrodite" and "Hymn to Aphrodite"Sappho
12%
Roman philosopher known for his Stoic philosophy and his essays and letters on ethics and moralitySeneca the Younger
12%
Italian author known for his novel "The Name of the Rose"Umberto Eco
12%
Swedish author best known for her children's book series featuring Pippi LongstockingAstrid Lindgren
10%
Persian polymath known for his contributions to medicine, philosophy, and science, and the author of "Canon of Medicine"Avicenna
10%
Dutch philosopher knwon for his works such as "Ethics" and "Tractatus Theologio-Politicus"Baruch Spinoza
10%
Italian Baroque painter known for his realistic and often provocative depictions of religious and mythological subjectsCaravaggio
10%
Italian writer of the 14th century known for his work "The Decameron"Giovanni Boccaccio
10%
Japanese artist known for his woodblack print series "Thirty-Six Views of Mount Fuji"Hokusai
10%
Wife of Sultan Suleiman the Magnificent and played a crucial role in the politics of the Ottoman EmpireHurrem Sultan
10%
Pope from 590-604 known for sending misisonaries to evangelize EnglandPope Gregory I
10%
Persian poet known for his work "Masnavi"Rumi
10%
Sultan of the Ottoman Empire from 1603-1617 known for his successful war against Persia and unsuccessful campaigns against the Habsburg MonarchyAhmed I
8%
Athenian playwright known as the "Father of Comedy" for his works "Lysistrata" and "The Clouds"Aristophanes
8%
French actress and singer known for her work in "And God Created Woman"Brigitte Bardot
8%
French statesman known for centralizing power under the monarchy during the reign of Louis XIII and featured in Dumas' "The Three Muskateers"Cardinal Richelieu
8%
Ottoman Empress influential during the reigns of her sons Murad IV and Ibrahim IKösem Sultan
8%
Ottoman Sultan ruling from 1595-1603 and signed the Treaty of Constantinople with AustriaMehmed III
8%
Ottoman Sultan known or his conquest of Constantinople in 1453 which ended the Byzantine EmpireMehmed the Conqueror
8%
Greek biographer known for his work "Parallel Lives" and "Moralia"Plutarch
8%
Indian spiritual leader and teacher who established a commune in OregonRajneesh
8%
Ottoman Sultan from 1512-1520 known for the conquest of Egypt and the LevantSelim I
8%
Ottoman Sultan who ruled from 1566-1574, known for his military campaigns in the Mediterranean and conquest of CyprusSelim II
8%
Pseudonym of Marie-Henri Beyle known for novels "The Red and the Black"Stendhal
8%
Greek playwright often referred to a the "Father of Tragedy" known for "Agamemnon"Aeschylus
6%
Athenian philosopher often regarded as the "father of modern science" and one of the founders of atomic theoryDemocritus
6%
Enlightenment writer best known for co-editing and contributing to the "Encyclopédie"Denis Diderot
6%
Greek philosopher and one of the founders of Cynicism, who lived in a large ceramic jarDiogenes
6%
French Romantic painter known for his work "Liberty Leading the People"Eugène Delacroix
6%
Athenian playwright known for his work "Medea" and "The Bacchae"Euripedes
6%
Italian author known for his memoir "Histoire de ma vie"Giacomo Casanova
6%
Italian philosopher, astronomer, and mathematician who advocated for the Copernican heliocentric model, leading to his condemnation by the Roman Catholic ChurchGiordano Bruno
6%
Greek philosopher known for his doctrine of change and flux, stating "you cannot step in the same river twice"Heraclitus
6%
Roman poet during the reign of Augustus known for his concept of "Carpe Diem"Horace
6%
French philosopher and political theorist known for his work "The Spirit of the Laws"Montesquieu
6%
Founder anf first ruler of the Ottoman EmpireOsman I
6%
Ancient Greek philosopher often considered the first Western philosopher, known for his contributions to geometry and inquiries into the nature of the universeThales of Miletus
6%
Greek historian known for his work "History of the Peloponnesian War"Thucydides
6%
Roman Emperor from 69-79 AD known for restoring stability after the Year of Four EmperorsVespasian
6%
Ottoman Sultan who ruled from 1876-1909 and led to the decline of the Ottoman EmpireAbdul Hamid II
4%
Egyptian pharoh known for his religious reforms and moving the Egyptian capital to modern-day AmarnaAkhenaten
4%
Muslim prophet from Andalusia during the Islamic Golden Age known for seeking to reconcile Aristotelian philosophy with islamic theology and jurisprudenceAverroes
4%
French sociologist known for exploring social institutions in her work "The Division of Labor in Society"Émile Durkheim
4%
Greek mathematician and astronomer known for calculating the Earth's circumference and developing the disciple of geographyEratosthenes
4%
Greek physician known for his work "On the Natural Faculties"Galen
4%
Chinese philosopher and historian known for his studies of Chinese history, particularly during the Spring and Autumn period and the Warring States periodHuang Xianfan
4%
Founder of the Jesuits and Spanish priest who wrote "Spiritual Exercises"Ignatius of Loyola
4%
Japanese poet of the Edo perod known for his haiku "The Narrow Road to the Deep North"Matsuo Bashō
4%
Ottoman architect known for constructing the Süleymaniya Mosque in Istanbul in the 1500sMimar Sinan
4%
Ottoman Sultan who notably captured the Greek city ThessalonikiMurad I
4%
Ottoman Sultan from 1574-1595 known for expanding Ottoman territory in Eastern Europe and the CaucasusMurad III
4%
Sultan of the Ottoman Empire from 1623-1640 known for implementing strict laws to restore orderMurad IV
4%
Italian poet and scholar known as the "Father of Humanism", known for his sonnets dedicated to his idealized love interest, LauraPetrarch
4%
Pope during the Protestant Reformation known for his refusal to annul Henry VIII's marriage to Catherine of Aragon, leading to the creation of the Church of EnglandPope Clement VII
4%
Bengali writer and composer who won a Nobel Prize in Literature in 1913 for his work "Gitanjali"Rabindranath Tagore
4%
Roman Emperor from 379-395 AD and the last emperor to rule over both the eastern and western halves of the empireTheodosius I
4%
Mughal Emperor who ruled from 1556-1605, known for religious tolerance, art, and cultureAkbar
2%
Pharoah of Egypt during the New Kingdom known for building the Temple of LuxorAmenhotep III
2%
Emperor of the Maurya Dynasty from 268-232 BC known for his conversion to Buddhism after the Kalinga WarAshoka
2%
Ottoman Sultan from 1481-1512 known for defeating the Mamluks in 1517Bayezid II
2%
Greek scholar in Alexadria murdered in 415 AD due to religious and political tensionsHypatia
2%
Swiss Renaissance alchemist known for his work "On the Miners' Sickness and Other Diseases of Miners"Paracelsus
2%
Carolingian king of the Franks and the father of CharlemagnePepin the Short
2%
Albanian military commader who led a successful rebellion against the Ottoman EmpireSkanderbeg
2%
Islamic caliph and companion of the Prophet Muhammad, known for his role in the early expansion of Islam and effective leadership as the second caliph following Muhammad's deathUmar
2%
Roman artist known for pioneering abstract art and his painting "Composition VII"Wassily Kandinsky
2%
Ottoman Sultan from 1389-1402 defeated by Timurid at the Battle of AnkaraBayezid I
0%
Christian theologian and scholar known for his work "On First Principles"Origen
0%
Third caliph of Islam known for compiling the Quran into a single textUthman
0%

Score Distribution

Percentile by Number Answered

Percent of People with Each Score

Your Score History

You have not taken this quiz